000 00659nam a2200205 a 4500
005 20240203063557.0
008 010611s1996 es r 000 0 spa d
020 _a8437614120
035 _aUPN01000108069
049 _aCG
050 4 _aHQ75.5
_bJ4.38
100 1 _aJeffreys, Sheila
245 1 3 _aLa herejía lesbiana :
_buna perspectiva feminista de la revolución sexual lesbiana /
_cSheila Jeffreys ; tr. de Heide Braun.
260 _aMadrid :
_bCátedra :
_bUniversitat de València :
_bInstituto de la Mujer,
_c1996.
300 _a331 p.
440 0 _aFeminismos ;
_v30
650 4 _aLesbianismo
_914457
650 4 _aFeminismo
_98967
905 _aLibro
999 _c81981
_d81981